000 00654nam a22001935i 4500
001 176953
003 ES-MaACL
005 20230906220223.0
008 110221s2010 sp o |||| | spa d
020 _a978-84-614-2722-2
080 _a2-584
100 1 _aNavarro Zamorano, Salvador.
_985196
245 1 3 _aEl segundo nacimiento /
_cautor, Salvador Navarro Zamorano ; portada, Isabel Navarro Reynés.
260 _aBunyola (Mallorca) :
_bSalvador Navarro Zamorano,
_cD. L. 2010.
300 _a175 p. :
_b1 fot. del autor ;
_c21 cm.
650 4 _aVida espiritual.
_912505
700 1 _aNavarro Reynés, Isabel.
_9143821
852 _aES-MaACL
_jE-14376
999 _c176953
_d176953